000 00529nam a2200181Ia 4500
001 60949
008 080101n ii |||gr||||Z||||||asm
082 _a891.414
100 _aBharali, Hemanta kumar,
_eAuthor.
245 0 _aMamoni Roysom : Swapna--Duswapnar diary
_cEdited by Hemanta Kumar Bharali
_hTextual Documents
250 _a1st ed.
260 _aGuwahati:
_bChitralekha Kalita.,
_c1998.
300 _a225p:
_c21cm.
653 _aAssamese
653 _aArticles, Mamoni Roysom
653 _aG-Assamese
942 _2ddc
_cBK
999 _c62068
_d62068